| 000 | 00389 a2200133 4500 | ||
|---|---|---|---|
| 005 | 20250515123500.0 | ||
| 020 | _a38463-0113 | ||
| 082 | _aLECT 330.154 TIN | ||
| 100 | _aTINTNER, G. | ||
| 245 | _aMathematics and Statistics for Economists. | ||
| 260 |
_aNew York, _bHolt, Rinehart and Winston, _c1953. |
||
| 300 |
_axiv,363p.: ill.; Chart, Graph, Figures. _bIndex. _c23cm, |
||
| 942 |
_2ddc _cBKS |
||
| 999 |
_c2305 _d2305 |
||